Statistics for Astronomy Quiz By ME!!

Click here to take the quiz!

General Stats

  • This quiz has been taken 19 times
  • The average score is 13 of 16

Answer Stats

Answer% Correct
Earth
100%
Moon
100%
sun
100%
saturn
94%
jupiter
89%
mars
89%
neptune
89%
solar system
89%
black hole
83%
pluto
83%
uranus
83%
mercury
72%
milky way galaxy
72%
venus
72%
terrestrial planets
50%
gas giants
44%

Score Distribution

Percentile by Number Answered

Percent of People with Each Score

Your Score History

You have not taken this quiz